Welcome to CU Library Online Public Access Catalogue (OPAC)

The essential drucker; (Record no. 4992)

MARC details
000 -LEADER
fixed length control field 00480nam a22001577a 4500
005 - DATE AND TIME OF LATEST TRANSACTION
control field 20250320085407.0
008 - FIXED-LENGTH DATA ELEMENTS--GENERAL INFORMATION
fixed length control field 250320b |||||||| |||| 00| 0 eng d
020 ## - INTERNATIONAL STANDARD BOOK NUMBER
International Standard Book Number 9780060935740
050 ## - LIBRARY OF CONGRESS CALL NUMBER
Classification number HD31
Item number .D7672 DRU
100 ## - MAIN ENTRY--PERSONAL NAME
Personal name Drucker, Peter F.
245 ## - TITLE STATEMENT
Title The essential drucker;
Remainder of title the best of sixty years of Peter Drucker's essential writings on management
260 ## - PUBLICATION, DISTRIBUTION, ETC.
Place of publication, distribution, etc. New York
Name of publisher, distributor, etc. Collins Business
Date of publication, distribution, etc. c2001
300 ## - PHYSICAL DESCRIPTION
Extent x, 358p
500 ## - GENERAL NOTE
General note includes index
942 ## - ADDED ENTRY ELEMENTS (KOHA)
Source of classification or shelving scheme Library of Congress Classification
Koha item type Books
Suppress in OPAC No
999 ## -
-- 4992
-- 4992
Holdings
Withdrawn status Lost status Source of classification or shelving scheme Damaged status Not for loan Collection Home library Current library Shelving location Date acquired Total checkouts Full call number Barcode Date last seen Copy number Price effective from Koha item type
    Library of Congress Classification     Non-fiction Business Library (Miotso) Business Library (Miotso) General stacks 03/18/2026   HD31.D7672 DRU BSSM00002836 03/18/2026 1 03/18/2026 Books
    Library of Congress Classification     Non-fiction Undergraduate Library (Christ Temple) Undergraduate Library (Christ Temple) General stacks 03/20/2025   HD31.D7672 DRU ulct00001810 03/20/2025 1 03/20/2025 Books
    Library of Congress Classification     Non-fiction Undergraduate Library (Christ Temple) Undergraduate Library (Christ Temple) General stacks 03/20/2025   HD31.D7672 DRU ulct00001811 03/20/2025 2 03/20/2025 Books
    Library of Congress Classification     Non-fiction Undergraduate Library (Christ Temple) Undergraduate Library (Christ Temple) General stacks 03/20/2025   HD31.D7672 DRU ulct00001812 03/20/2025 3 03/20/2025 Books
© 2023-2024 Copyright: Central University Libraries. All Rights Reserved | Created by: Mahone Tech Office